Engineering ethics (Record no. 36061)
[ view plain ]
| 000 -LEADER | |
|---|---|
| fixed length control field | 00448nam a22001577a 4500 |
| 003 - CONTROL NUMBER IDENTIFIER | |
| control field | OSt |
| 005 - DATE AND TIME OF LATEST TRANSACTION | |
| control field | 20240716110508.0 |
| 007 - PHYSICAL DESCRIPTION FIXED FIELD--GENERAL INFORMATION | |
| fixed length control field | 181 pages |
| 008 - FIXED-LENGTH DATA ELEMENTS--GENERAL INFORMATION | |
| fixed length control field | 240716b |||||||| |||| 00| 0 eng d |
| 020 ## - INTERNATIONAL STANDARD BOOK NUMBER | |
| International Standard Book Number | 9788120325784 |
| 040 ## - CATALOGING SOURCE | |
| Original cataloging agency | AO enterprises |
| Transcribing agency | |
| 082 ## - DEWEY DECIMAL CLASSIFICATION NUMBER | |
| Classification number | 174.962 |
| Item number | GOV |
| 245 ## - TITLE STATEMENT | |
| Title | Engineering ethics |
| Remainder of title | Includes human values |
| Statement of responsibility, etc. | Govindarajan,M |
| 260 ## - PUBLICATION, DISTRIBUTION, ETC. | |
| Name of publisher, distributor, etc. | PHI |
| Date of publication, distribution, etc. | 2024 |
| 942 ## - ADDED ENTRY ELEMENTS (KOHA) | |
| Source of classification or shelving scheme | Dewey Decimal Classification |
| Koha item type | BOOK |
| Classification part | 174.962 |
| Item part | GOV |
| Call number prefix | 174.962 |
| Call number suffix | GOV |
| Suppress in OPAC | No |
| Withdrawn status | Lost status | Source of classification or shelving scheme | Damaged status | Not for loan | Collection | Home library | Current library | Date acquired | Cost, normal purchase price | Inventory number | Total Checkouts | Full call number | Barcode | Date last seen | Price effective from | Koha item type |
|---|---|---|---|---|---|---|---|---|---|---|---|---|---|---|---|---|
| Dewey Decimal Classification | Humanites | Fr. Agnel's C.Rodrigues College of Engineering | Fr. Agnel's C.Rodrigues College of Engineering | 16/07/2024 | 395.00 | Invoice no. 259 dt 15.07.2024 | 174.962/GOV | 26425 | 16/07/2024 | 16/07/2024 | BOOK | |||||
| Dewey Decimal Classification | Humanites | Fr. Agnel's C.Rodrigues College of Engineering | Fr. Agnel's C.Rodrigues College of Engineering | 16/07/2024 | 395.00 | Invoice no. 259 dt 15.07.2024 | 174.962/GOV | 26426 | 16/07/2024 | 16/07/2024 | BOOK | |||||
| Dewey Decimal Classification | Humanites | Fr. Agnel's C.Rodrigues College of Engineering | Fr. Agnel's C.Rodrigues College of Engineering | 16/07/2024 | 395.00 | Invoice no. 259 dt 15.07.2024 | 174.962/GOV | 26427 | 16/07/2024 | 16/07/2024 | BOOK |